Aplikace počítačů v oblasti ASŘTP celostátní seminář

Gespeichert in:
Bibliographische Detailangaben
Format: Buch
Sprache:Tschechisch
Veröffentlicht: Praha Dům techniky ČSVTS 1977
Tags: Tag hinzufügen
Keine Tags, Fügen Sie das erste Tag hinzu!

MARC

LEADER 00000nam a2200000 4500
001 0222237
005 20240822101700.5
041 0 |a cze 
044 |a CZ 
245 1 0 |a Aplikace počítačů v oblasti ASŘTP  |b celostátní seminář 
264 1 |a Praha  |b Dům techniky ČSVTS  |c 1977 
300 |a 188 s.